|
|
|
|
| LEADER |
00000nab a2200000 a 4500 |
| 001 |
vtls008961331 |
| 003 |
SK-MaSNL |
| 005 |
20260303070653.0 |
| 008 |
070403 2007 xo mr er 000 0 cze |
| 038 |
|
|
|a KEVKJB
|
| 040 |
|
|
|a KEVKJB
|b slo
|c KEVKJB
|e AACR2
|
| 041 |
0 |
|
|a cze
|
| 044 |
|
|
|a xo
|c SK
|
| 080 |
|
|
|a 061.25(437.6)(=162.3)
|2 2001
|
| 100 |
1 |
|
|a Krejčiřík, Miroslav
|4 aut
|9 1040460
|
| 245 |
1 |
0 |
|a České Vánoce poprvé v Michalovcích
|c Miroslav Krejčiřík, Otakar Krásenský
|
| 300 |
|
|
|b Obr.
|
| 610 |
2 |
7 |
|a Český spolok na Slovensku (Michalovce, Slovensko)
|b Miestny klub
|x aktivity
|2 kevkjb
|9 1044514
|
| 611 |
1 |
7 |
|a České Vánoce
|d (2006 :
|c Michalovce, Slovensko)
|2 kevkjb
|9 1068394
|
| 651 |
|
7 |
|a Michalovce (Slovensko)
|2 kevkjb
|9 22487
|
| 700 |
1 |
|
|a Krásenský, Otakar,
|d 1934-
|4 aut
|9 137419
|
| 773 |
0 |
|
|t Česká beseda
|g Roč. XII., č. 2 (2007), s. 21
|x 1335-549X
|
| 852 |
|
|
|a KEVKJB
|b KIS3GCP
|
| 958 |
|
|
|a CZ
|
| 999 |
|
|
|c 1756433
|d 1758363
|